| 000 | 00791nam a2200229 i 4500 | ||
|---|---|---|---|
| 001 | 183137 | ||
| 003 | ES-MaACL | ||
| 005 | 20250918063043.0 | ||
| 008 | 140124s2002 sp | |||| ||spa d | ||
| 020 | _a84-376-1955-6 | ||
| 080 | _a821.111-22"16" | ||
| 100 | 1 |
_aJonson, Ben, _d1573?-1637 _9242266 |
|
| 245 | 1 | 0 |
_aVolpone / _cBen Jonson ; edición bilingüe de Purificación Ribes ; traducción de Purificación Ribes. |
| 260 |
_aMadrid : _bCátedra, _c[2002] |
||
| 300 |
_a555 p. ; _c18 cm. |
||
| 490 | 1 |
_aLetras universales ; _v329 |
|
| 500 | _aTexto original y traducción al español. | ||
| 700 | 1 | 1 |
_aRibes, Purificación. _996809 |
| 830 | 0 |
_aLetras universales ; _v329 _9178013 |
|
| 852 |
_aES-MaACL _jL-29950 _z.- Donat. Miguel A. Velasco |
||
| 999 |
_c183137 _d183137 |
||